| 000 | 01411cam a2200337 a 4500 | ||
|---|---|---|---|
| 001 | 13962957 | ||
| 005 | 20161221174609.0 | ||
| 008 | 050512s2005 gw a b 001 0 eng | ||
| 010 | _a 2005275450 | ||
| 020 | _a3527405429 (alk. paper) | ||
| 020 | _a9783527405428 (alk. paper) | ||
| 040 |
_aDLC _cDLC _dDLC |
||
| 050 | 0 | 0 |
_aTK7874.8 _b.N362 2005 |
| 082 | 0 | 0 |
_a621.381 _222 _bNAN |
| 245 | 0 | 0 |
_aNanoelectronics and Information Technology : _bAdvanced Electronic Materials and Novel Devices / _cRainer Waser (ed.). |
| 250 | _a2nd, corr. ed. | ||
| 260 |
_aWeinheim : _bWiley-VCH, 2005 _cc2005. |
||
| 300 |
_a995 p. : _bill. (some col.) ; _c29 cm. |
||
| 504 | _aIncludes bibliographical references and index. | ||
| 650 | 0 |
_aMolecular electronics. _927574 |
|
| 650 | 0 |
_aNanotechnology. _927575 |
|
| 650 | 0 |
_aInformation technology. _927576 |
|
| 653 |
_bGen _cOctober2011 |
||
| 650 | 0 |
_927577 _aElectronics _xMaterials |
|
| 700 | 1 |
_aWaser, Rainer. _927578 |
|
| 856 | 4 | 1 |
_3Table of contents only _uhttp://www.loc.gov/catdir/toc/fy0605/2005275450.html |
| 856 | 4 | 2 |
_3Contributor biographical information _uhttp://www.loc.gov/catdir/enhancements/fy0626/2005275450-b.html |
| 856 | 4 | 2 |
_3Publisher description _uhttp://www.loc.gov/catdir/enhancements/fy0626/2005275450-d.html |
| 942 |
_2ddc _cBB |
||
| 999 |
_c16153 _d16153 |
||